000 00342nam a2200133Ia 4500
005 20251222154435.0
008 251222s9999||||xx |||||||||||||| ||spa||
020 _a970-15-0673-1
082 _a526.9/B22
100 _a"Bannister, ArthurRaymond, S.Baker, R."
245 0 _aTécnicas modernas en topograféa
250 _a7a.ed.
942 _cLIB
999 _c36582
_d36582